Entry Personal Name
Number of records used in: 1
001 - CONTROL NUMBER
003 - CONTROL NUMBER IDENTIFIER
005 - DATE AND TIME OF LATEST TRANSACTION
- control field:
20220922111129.0
008 - FIXED-LENGTH DATA ELEMENTS
- fixed length control field:
070326n| azannaabn |n aaa c
010 ## - LIBRARY OF CONGRESS CONTROL NUMBER
- LC control number:
no2007033302
035 ## - SYSTEM CONTROL NUMBER
- System control number:
(OCoLC)oca07365768
040 ## - CATALOGING SOURCE
- Original cataloging agency:
WaU
- Language of cataloging:
eng
- Transcribing agency:
WaU
- Modifying agency:
DLC
- Description conventions:
rda
046 ## - SPECIAL CODED DATES
100 1# - HEADING--PERSONAL NAME
- Personal name:
Meira, Wagner,
- Dates associated with a name:
1967-
670 ## - SOURCE DATA FOUND
- Source citation:
Electronic reproduction/SBAC-PAD 2006, c2006:
- Information found:
t.p. (Wagner Meira)
670 ## - SOURCE DATA FOUND
- Source citation:
Data mining and analysis, 2013:
- Information found:
ECIP t.p. (Wagner Meira, Jr.) data view (b. Dec. 29, 1967)
670 ## - SOURCE DATA FOUND
- Source citation:
OCLC, Mar. 26, 2007
- Information found:
(hdgs.: Meira, Wagner, 1967- ; Meira Jr., Wagner; usage: Wagner Meira, Jr.; Meira Jr., Wagner)